| 000 | 00408nam a22001577a 4500 | ||
|---|---|---|---|
| 020 | _a8121911435 | ||
| 040 | _cNUST | ||
| 082 |
_a510.2462 _bKAN |
||
| 100 |
_aP.Kandasamy, K. Thilagvathy _9123416 |
||
| 110 |
_aK. Gunavathy _9123417 |
||
| 245 | _aEngineering Mathematics | ||
| 250 | _aVolume III | ||
| 260 |
_aNew Delhi: _bS. Chand Company, _c2006. |
||
| 650 | _aEngineering Mathematics | ||
| 942 |
_2ddc _cBK |
||
| 999 |
_c609616 _d609616 |
||